ARRUPE JESUIT UNIVERSITY

CORONAVIRUS -STOP THE SPREAD - CLEAN,DISINFECT,COVER

The roots of the Bantu / (Record no. 124395)

MARC details
000 -LEADER
fixed length control field 00905fam a2200289 a 4500
001 - CONTROL NUMBER
control field 2240110
003 - CONTROL NUMBER IDENTIFIER
control field ARRUPE
005 - DATE AND TIME OF LATEST TRANSACTION
control field 20160321110421.0
008 - FIXED-LENGTH DATA ELEMENTS--GENERAL INFORMATION
fixed length control field 981210s1998 rh ab b 001 0 eng
010 ## - LIBRARY OF CONGRESS CONTROL NUMBER
LC control number 98982442
020 ## - INTERNATIONAL STANDARD BOOK NUMBER
International Standard Book Number 0797418520
035 ## - SYSTEM CONTROL NUMBER
System control number (OCoLC)40480441
035 ## - SYSTEM CONTROL NUMBER
System control number (OCoLC)ocm40480441
035 ## - SYSTEM CONTROL NUMBER
System control number (NNC)2240110
040 ## - CATALOGING SOURCE
Original cataloging agency DLC
Transcribing agency DLC
042 ## - AUTHENTICATION CODE
Authentication code lcode
043 ## - GEOGRAPHIC AREA CODE
Geographic area code f------
050 00 - LIBRARY OF CONGRESS CALL NUMBER
Classification number DT16.B2
Item number C46 1998
300 ## - PHYSICAL DESCRIPTION
Other physical details ill., maps ;
Dimensions 21 cm.
100 1# - MAIN ENTRY--PERSONAL NAME
Personal name Chigwedere, A. S.
Fuller form of name (Aeneas S.)
9 (RLIN) 23013
245 14 - TITLE STATEMENT
Title The roots of the Bantu /
Statement of responsibility, etc by Aeneas Chigwedere.
260 ## - PUBLICATION, DISTRIBUTION, ETC. (IMPRINT)
Place of publication, distribution, etc Marondera [Zimbabwe] :
Name of publisher, distributor, etc Mutapa Pub. House ;
Place of publication, distribution, etc Workington, Harare :
Date of publication, distribution, etc Jongwe Print. and Pub. Co.,
-- 1998.
300 ## - PHYSICAL DESCRIPTION
Extent iv, 339 p. :
504 ## - BIBLIOGRAPHY, ETC. NOTE
Bibliography, etc Includes bibliographical references (p. 315-334) and index.
650 #0 - SUBJECT ADDED ENTRY--TOPICAL TERM
Topical term or geographic name as entry element Bantu-speaking peoples
General subdivision Origin.
9 (RLIN) 23014
942 ## - ADDED ENTRY ELEMENTS (KOHA)
Source of classification or shelving scheme Library of Congress Classification
Koha item type Monograph ( Printed materials)
Holdings
Withdrawn status Lost status Source of classification or shelving scheme Damaged status Not for loan Collection code Home library Current library Shelving location Date acquired Total Checkouts Full call number Barcode Date last seen Price effective from Koha item type
    Library of Congress Classification     Main Collection ARRUPE LIBRARY ARRUPE LIBRARY Main Collection 21/03/2016   DT16.B2 C46 1998 46500006620 07/12/2017 21/03/2016 Monograph ( Printed materials)

 

Arrupe Library. PO Box MP320 Mt Pleasant, Harare, Zimbabwe
263 242 745411|librarian@aju.ac.zw